The role of teams and groups in modern enterprises : μεταπτυχιακή διατριβή

Αποθηκεύτηκε σε:
Λεπτομέρειες βιβλιογραφικής εγγραφής
Κύριος συγγραφέας: Βλάχου, Σμαραγδα
Άλλοι συγγραφείς: Κωστόπουλος, Κωνσταντίνος
Μορφή: Thesis Βιβλίο
Γλώσσα:English
Δημοσίευση: Χίος : Πανεπιστήμιο Αιγαίου, Τμήμα Διοίκησης Επιχειρήσεων, 2009
Θέματα:
Διαθέσιμο Online:http://hdl.handle.net/11610/13525
Ετικέτες: Προσθήκη ετικέτας
Δεν υπάρχουν, Καταχωρήστε ετικέτα πρώτοι!

MARC

LEADER 00000cam a2200000 i 4500
001 1/14248
008 110720s2009 eng d
035 |l 10110509 
040 |a GR-MY-UA  |b gre  |e aacr 
041 0 |a eng 
082 0 |a 658.4  |2 (22) 
100 1 |a Βλάχου, Σμαραγδα. 
245 1 4 |a The role of teams and groups in modern enterprises :  |b μεταπτυχιακή διατριβή /  |c Βλάχου Σμαράγδα ; επιβλέπων Κωστοπούλης Κωνσταντίνος 
260 |a Χίος :   |b Πανεπιστήμιο Αιγαίου, Τμήμα Διοίκησης Επιχειρήσεων,   |c 2009 
300 |a 137 σ.;  |b διαγρ., πίν.;  |c 30 εκ. 
502 # # |a Διατριβή (μεταπτυχιακή) – Πανεπιστήμιο Αιγαίου, Χίος, 2009. 
504 |a Βιβλιογραφία: σ.122-136 
650 0 0 |a Teams in the workplace  |x Management. 
650 0 0 |a Dissertations, Academic  |z Greece. 
700 1 |a Κωστόπουλος, Κωνσταντίνος. 
852 |a INST  |b CHIOS  |c DIATR  |e 20110720  |h 658.3128 ΒΛΑ  |p 005200031773  |q 005200031773  |t MTXE  |y 23 
852 |a INST  |b CHIOS  |c DIATR  |e 20110720  |h 658.3128 ΒΛΑ  |p 005200031774  |q 005200031774  |t MTXE  |y 23 
856 |u http://hdl.handle.net/11610/13525 
901 |a BIBL2-2010-2 
909 |a Χ  |b 149192 
909 |a Χ  |b 149193 
924 |a ΒΛΑΧΟΥ  |b ΣΜΑΡΑΓΔΑ  |y ΧΙΟΣ  |z 2010-09 
970 |a ΣΠΕΝΤΖΑ  |b ΕΛΕΝΗ  |z 2011/07/20